000 01399nam0a2200337 4500
001 RU\NLR\bibl\1430401
005 20260409074058.0
010 _a978-5-98972-037-8
_9500
021 _aRU
_b2009-69856
_94323
035 _a(NLR Aleph) 001422313
035 _a(nilc)RSL-KNO-004378392
090 _a1350475
_c1350475
100 _a20090820d2008 k y0rusy50 ca
101 0 _arus
102 _aRU
105 _ay |||||||||
200 1 _aВиды и формы соучастия: проблемы законодательного регулирования
_fС. В. Алексеев
210 _aСамара
_cМеждународный институт рынка
_d2008
215 _a129, [1] с.
_d21
300 _aНа обороте тит.л. авт.: Алексеев С.В., к.ю.н., доц.
320 _aБиблиогр. в подстроч. прим.
606 _aСоучастие (юрид.) в уголовном праве
_yРоссийская Федерация
_3RU\NLR\auth\661277191
_92113798
686 _aХ628.101.7,0
_2rubbk
686 _aХ628.101.7
700 1 _4070
_8rus
_7ca
_aАлексеев
_bС.В.
_cканд. юрид. наук
_gСергей Владимирович
_3RU\NLR\auth\7782984
_965912
801 0 _aRU
_bРКП
_c20090820
_grcr
801 1 _aRU
_bРГБ
_c20090820
801 2 _aRU
_bNLR
_c20091028
_grcr
942 _cBOOK
980 _aNB